| 000 | 00823nam a2200289Ia 4500 | ||
|---|---|---|---|
| 001 | Para_455 | ||
| 003 | CHAP | ||
| 008 | 220125s1995 xx 000 0 und d | ||
| 010 | _a199210 | ||
| 040 | _cCHAP | ||
| 082 | _aPA 632.693 C4 | ||
| 100 |
_aCepeda Siller, Melchor _921318 |
||
| 245 |
_aLa rata de campo / _c por Melchor Cepeda Siller y Mayela Mercado Talamantes |
||
| 260 |
_aMéxico, D.F. : _b Trillas : _bUAAN |
||
| 300 | _a105 P. | ||
| 650 |
_aAgricultura _x plagas _91764 |
||
| 650 |
_aRatas _x anatomía _9164514 |
||
| 650 |
_aRoedores _x control _9164515 |
||
| 700 |
_aMercado Talamantes, Mayela _9164516 |
||
| 901 | _aPA 632.693 C4 | ||
| 902 | _aA | ||
| 905 | _a0000001995 a 0000000000 00 | ||
| 910 | _a1995 | ||
| 942 | _cPARA | ||
| 942 |
_cPARA _d1 |
||
| 999 |
_c199210 _d199210 |
||